LEADER 01284nam 2200409 450 001 9910495216403321 005 20220412121140.0 010 $a981-16-3552-8 035 $a(CKB)4100000011989926 035 $a(MiAaPQ)EBC6683147 035 $a(Au-PeEL)EBL6683147 035 $a(PPN)258304995 035 $a(EXLCZ)994100000011989926 100 $a20220412d2021 uy 0 101 0 $aeng 135 $aurcnu|||||||| 181 $ctxt$2rdacontent 182 $cc$2rdamedia 183 $acr$2rdacarrier 200 10$aFunctionalized two-dimensional black phosphorus and polymer nanocomposites as flame retardant $epreparation and properties /$fShuilai Qiu 210 1$aGateway East, Singapore :$cSpringer,$d[2021] 210 4$d??2021 215 $a1 online resource (185 pages) 225 1 $aSpringer theses 311 $a981-16-3551-X 410 0$aSpringer theses. 606 $aFire resistant materials 615 0$aFire resistant materials. 676 $a620.11217 700 $aQiu$b Shuilai$0921261 801 0$bMiAaPQ 801 1$bMiAaPQ 801 2$bMiAaPQ 906 $aBOOK 912 $a9910495216403321 996 $aFunctionalized Two-Dimensional Black Phosphorus and Polymer Nanocomposites As Flame Retardant$92066360 997 $aUNINA LEADER 01820oam 2200589zu 450 001 9910703283903321 005 20210803234152.0 010 $a1-282-21138-2 010 $a9786612211386 010 $a1-4358-6186-8 035 $a(CKB)2430000000012376 035 $a(SSID)ssj0000292113 035 $a(PQKBManifestationID)12064754 035 $a(PQKBTitleCode)TC0000292113 035 $a(PQKBWorkID)10255950 035 $a(PQKB)22059066 035 $a(OCoLC)53867250 035 $a(EXLCZ)992430000000012376 100 $a20160829d2002 uy 101 0 $aeng 135 $aurmn||||||||| 181 $ctxt 182 $cc 183 $acr 200 10$aCommunity service 210 31$a[Place of publication not identified]$cPowerKids Press$d2002 215 $a1 online resource 225 0 $aSchool activities Community service 300 $aBibliographic Level Mode of Issuance: Monograph 311 $a0-8239-5967-8 606 $aService learning$vJuvenile literature 606 $aBeaches$vJuvenile literature 606 $aLitter (Trash)$vJuvenile literature 606 $aRecycling (Waste, etc.)$vJuvenile literature 606 $aEducation, Special Topics$2HILCC 606 $aEducation$2HILCC 606 $aSocial Sciences$2HILCC 615 0$aService learning 615 0$aBeaches 615 0$aLitter (Trash) 615 0$aRecycling (Waste, etc.) 615 7$aEducation, Special Topics 615 7$aEducation 615 7$aSocial Sciences 676 $a371.19 700 $aEmmer$b Rae$01351316 712 02$aUnited States.$bAdministrative Office of the United States Courts.$bOffice of Probation and Pretrial Services. 801 0$bPQKB 906 $aBOOK 912 $a9910703283903321 996 $aCommunity service$93097523 997 $aUNINA